|
|
|
|
| LEADER |
00782nab#a2200313#ar4500 |
| 001 |
000079969 |
| 003 |
SVKKK |
| 005 |
20060726120030.0 |
| 008 |
060725c2006 xo e slo |
| FMT |
|
|
|
| 038 |
|
|
|a SVKKK
|
| 040 |
|
|
|a SVKKK
|b slo
|e AACR2
|
| 041 |
0 |
|
|a slo
|
| 044 |
|
|
|a xo
|c SK
|
| 080 |
|
|
|a 728.81
|2 1997
|
| 100 |
1 |
|
|a Nešpor, Jaroslav
|4 aut
|4 pht
|
| 245 |
1 |
0 |
|a Pajštún
|c Jaroslav Nešpor ; Ján Lacika
|
| 300 |
|
|
|b Obr.
|
| 610 |
2 |
4 |
|a Pajštún (Slovensko : hrad) (Borinka, Slovensko)
|x dejiny
|y stor. 14.
|
| 650 |
0 |
4 |
|a hrady
|z Slovensko
|
| 700 |
1 |
|
|a Lacika, Ján
|4 pht
|
| 773 |
0 |
|
|t Krásy Slovenska
|x 0323-0643
|g Roč. 83, č. 3-4 (2006), s. 60-61
|
| 957 |
|
|
|a 106
|
| 974 |
|
|
|a MI
|
| 992 |
|
|
|a RBX
|
| BAS |
|
|
|
| 852 |
|
|
|a SVKKK
|b BIB
|
| EXP |
|
|
|
| 998 |
|
|
|a REG
|